000 00678nam a22001937a 4500
005 20100825142630.0
010 _aENG-101369
020 _a9788191067309
_c295.00
035 _aEN-84902
037 _bDBAD/PUB
082 _a270
100 _aJanmohamed, Shelina Zahra
_917183
245 _aLove in a headscarf muslim woman seeks the one /
_cby Shelina Zahra Janmohamed
260 _aNew Delhi
_bAmaryllis
_c2010
270 _aJ-39 Ground Floor Jor Bagh Lane
_bNew Delhi
_e110003
300 _axvi,288p
_c21cm(pbk)
942 _2ddc
_cEN
_h270
_mJAN
999 _c43070
_d43070